Сварка и ремонт металлических конструкций по противокоррозионным покрытиям: учебное пособие для вузов

Dades bibliogràfiques
Autor principal: Шатов А. П. Александр Павлович
Altres autors: Стеклов О. И. Олег Иванович, Ступников В. П. Владимир Петрович
Sumari:Рассмотрены механизмы коррозии, вопросы технологии сварки и ремонта металлических конструкций по противокоррозионным покрытиям, составы и способы нанесения противокоррозионных покрытий.Проанализирован и обобщен большой объем фактического материала, полученного с использованием современных технологических методов и измерительной аппаратуры. Для студентов высших учебных заведений, обучающихся по направлению «Машиностроение».
Idioma:rus
Publicat: Москва, Изд-во МГТУ, 2012
Matèries:
Format: MixedMaterials Llibre
KOHA link:https://koha.lib.tpu.ru/cgi-bin/koha/opac-detail.pl?biblionumber=219497

MARC

LEADER 00000nam0a2200000 4500
001 219497
005 20231101230249.0
010 |a 9785703836002 
035 |a (RuTPU)RU\TPU\book\239566 
090 |a 219497 
100 |a 20120709d2012 m y0rusy50 ca 
101 0 |a rus 
102 |a RU 
105 |a a j 001zy 
200 1 |a Сварка и ремонт металлических конструкций по противокоррозионным покрытиям  |e учебное пособие для вузов  |f А. П. Шатов, О. И. Стеклов, В. П. Ступников 
210 |a Москва  |c Изд-во МГТУ  |d 2012 
215 |a 148 с.  |c ил. 
320 |a Библиогр.: с. 146-147. 
330 |a Рассмотрены механизмы коррозии, вопросы технологии сварки и ремонта металлических конструкций по противокоррозионным покрытиям, составы и способы нанесения противокоррозионных покрытий.Проанализирован и обобщен большой объем фактического материала, полученного с использованием современных технологических методов и измерительной аппаратуры. Для студентов высших учебных заведений, обучающихся по направлению «Машиностроение». 
606 1 |a Материалы  |x Поведение при сварке  |2 stltpush  |3 (RuTPU)RU\TPU\subj\68147  |9 83648 
606 1 |a Антикоррозийные работы  |2 stltpush  |3 (RuTPU)RU\TPU\subj\29214  |9 52598 
610 1 |a металлические конструкции 
610 1 |a сварка 
610 1 |a ремонт 
610 1 |a противокоррозионные покрытия 
610 1 |a состав 
610 1 |a нанесение 
610 1 |a защитные покрытия 
610 1 |a стальные конструкции 
610 1 |a дуговая сварка 
610 1 |a свариваемость 
610 1 |a сварные соединения 
610 1 |a эксплуатационные свойства 
610 1 |a учебные пособия 
675 |a 621.791.01(075.8)  |v 3 
675 |a 620.197(075.8)  |v 3 
700 1 |a Шатов  |b А. П.  |g Александр Павлович 
701 1 |a Стеклов  |b О. И.  |g Олег Иванович 
701 1 |a Ступников  |b В. П.  |g Владимир Петрович 
801 1 |a RU  |b 63413507  |c 20120709 
801 2 |a RU  |b 63413507  |c 20150617  |g RCR 
900 |a Технология сварочного производства 
900 |a Основы сварочного производства 
942 |c BK 
951 |b 150700 
959 |a 85/20120528  |d 5  |e 0  |f ЧЗТЛ:1  |f АНЛ:1  |f УФ:3 
959 |a 133/20121011  |d 5  |e 0  |f ЧЗТЛ:1  |f АНЛ:1  |f УФ:3